000 00323nam a2200133 i 4500
001 bg
100 1 _aMAKULSKI, W.
245 0 _aNaprawy i wzmocnienia konstrukcji żelbetowych /
_cW. Makulski.
260 _aWarszawa,
_c1964.
040 _cBPK
041 _apol
942 _cKS
008 s pl f |000 0 pol
999 _c10501
_d10501
856 _uhttp://koha.tu.koszalin.pl/cgi-bin/koha/opac-detail.pl?biblionumber=10501
_yKatalog online BPK